The lake house / (Registro nro. 30032)
[ vista simple ]
| 000 -LEADER | |
|---|---|
| fixed length control field | 00825nam a22001697a 4500 |
| 003 - CONTROL NUMBER IDENTIFIER | |
| control field | OSt |
| 005 - DATE AND TIME OF LATEST TRANSACTION | |
| control field | 20250619121338.0 |
| 008 - FIXED-LENGTH DATA ELEMENTS--GENERAL INFORMATION | |
| fixed length control field | 230518s2004 |||||||| |||| 00| f eng d |
| 020 ## - INTERNATIONAL STANDARD BOOK NUMBER | |
| International Standard Book Number | 0446615145 |
| 040 ## - CATALOGING SOURCE | |
| Original cataloging agency | CO-JMCR |
| Language of cataloging | spa |
| Transcribing agency | CO-JMCR |
| 041 0# - LANGUAGE CODE | |
| Language code of text/sound track or separate title | eng |
| 082 ## - DEWEY DECIMAL CLASSIFICATION NUMBER | |
| Classification number | J-N |
| Item number | PATl |
| Edition number | 23 |
| 100 ## - MAIN ENTRY--PERSONAL NAME | |
| Personal name | Patterson, James / |
| Relator term | autor |
| 9 (RLIN) | 7757 |
| 245 14 - TITLE STATEMENT | |
| Title | The lake house / |
| Statement of responsibility, etc. | James Patterson |
| 520 ## - SUMMARY, ETC. | |
| Summary, etc. | Frannie O'Neil, a Colorado veterinarian, knows a terrible secret that will change the history of the world. Kit Harrison, an FBI agent under suspension, has seen things that no one in his right mind would believe. A twelve-year-old girl named Max and five other incredible children have powers we can only dream of. These children can fly. And the only place they will be safe is the Lake House. Or so the believe... |
| 942 ## - ADDED ENTRY ELEMENTS (KOHA) | |
| Source of classification or shelving scheme | Dewey Decimal Classification |
| Koha item type | Books |
| Withdrawn status | Lost status | Source of classification or shelving scheme | Damaged status | Not for loan | Home library | Current library | Shelving location | Date acquired | Source of acquisition | Total Checkouts | Full call number | Barcode | Date last seen | Date last checked out | Copy number | Price effective from | Koha item type |
|---|---|---|---|---|---|---|---|---|---|---|---|---|---|---|---|---|---|
| Dewey Decimal Classification | Biblioteca Pública José María del Castillo y Rada | Biblioteca Pública José María del Castillo y Rada | New Materials Shelf | 05/18/2023 | Donación | 1 | J-N PATl | 201811839 | 07/07/2025 | 07/04/2025 | Ej.1 | 05/18/2023 | Books |